The demographic history of a Yorkshire village : Barwick-in-Elmet, 1700 to 1900, a case study /
Barwick-in-Elmet is compared to the nearby villages of Garforth and Thorner.
Saved in:
| Main Author: | |
|---|---|
| Format: | Book |
| Language: | English |
| Published: |
Sale :
Northern Writers Advisory Services,
1995.
|
| Subjects: | |
| Tags: |
Add Tag
No Tags, Be the first to tag this record!
|
| LEADER | 01132pam a2200337 a 4500 | ||
|---|---|---|---|
| 001 | 007727529-2 | ||
| 005 | 20020606104010.5 | ||
| 008 | 960122s1995 enkab 001 0 eng d | ||
| 010 | |a gb 95098058 | ||
| 015 | |a GB95-98058 | ||
| 020 | |a 0951778242 (pbk) : |c £5.00 | ||
| 035 | 0 | |a ocm38890591 | |
| 035 | 0 | |a ocm33972107 | |
| 040 | |a UKM |c UKM | ||
| 043 | |a e-uk-en | ||
| 050 | 0 | 0 | |a HB3586.B37 |b R63 1995 |
| 082 | 0 | 4 | |a 304.60942819 |2 20 |
| 100 | 1 | |a Robson, Pauline. | |
| 245 | 1 | 4 | |a The demographic history of a Yorkshire village : |b Barwick-in-Elmet, 1700 to 1900, a case study / |c by Pauline Robson. |
| 260 | |a Sale : |b Northern Writers Advisory Services, |c 1995. | ||
| 300 | |a 95 p. : |b ill., map ; |c 21 cm. | ||
| 504 | |a Includes bibliographies and index. | ||
| 520 | |a Barwick-in-Elmet is compared to the nearby villages of Garforth and Thorner. | ||
| 651 | 0 | |a Barwick in Elmet (England) |x History. | |
| 653 | 0 | |a Demography | |
| 651 | 0 | |a Barwick in Elmet (England) |x Population |x History. | |
| 651 | 0 | |a Leeds (England) |x Population |x History. | |
| 655 | 7 | |a History. |2 fast | |
| 650 | 2 | |a Demography. | |
| 988 | |a 20020608 | ||
| 906 | |0 OCLC | ||


